000 005300000a22001930004500
001 001981
003 MACL
005 20151027113919.0
008 151027b xxu||||| |||| 00| 0 eng d
040 _aMACL
_cMACL
041 _aEnglish
082 _a954/BER
100 _aBera, Anjan
_916864
245 _aInterpreting A Nation
_bSelections from Sarat Chandras Bose's The Nation
_cAnjan Bera
260 _aKolkata
_c2001
_bNetaji Institute for Asian Studies,
350 _a525
650 _aHistory
_916865
942 _k954
_cBK
_2ddc
999 _c13897
_d13897